00361nam a2200109Ia 4500008004100000020001700041040002900058050002700087100003600114245006700150260003400217221021s9999||||xx |||||||||||||| ||und|| a0-333-261259 cChuka University Library aQH 485b .B56 1985 V.3 aCharles B. Metz, Alberto Monvoy 0aBiology of fertilisation Volume 3:the fertilization of the egg aOrlandobAcademic Pressc1985